000 00786nam a22002177a 4500
003 OSt
005 20200527173406.0
008 180814b xxu||||| |||| 00| 0 eng d
020 _a0195802446
040 _aLB-BrCRDP
082 _a428 H645a
100 _aL. A. Hill
245 _aAdvanced stories for reproduction
260 _aLondon
_b Oxford University Press
_c1977-1979
300 _a76p
_c20cm
490 _aSecond series
520 _aTraining students to reproduce material they have listened to or read, this book contains short anecdotes, followed by a set of comprehension questions on the passage. It also includes a complete
630 _a English language -- Examinations, questions, etc.
630 _a Readers -- 1950- Reading comprehension.
942 _2ddc
_cBK
999 _c19697
_d19697